Statistiques concernant Les villes les plus chères au monde

Cliquez ici pour prendre le quiz!

Statistiques générales

  • Ce quiz a été pris 90 fois
  • Le résultat moyen est 29 sur 50

Statistiques - réponses

Pays Score Ville % Correct
Angleterre275Londres
99%
France211Paris
97%
Etats-Unis267New York
97%
Etats-Unis208Los Angeles
93%
Norvège232Oslo
92%
Japon218Tokyo
91%
Suisse271Genève
91%
Suisse238Bern
91%
Australie211Sydney
89%
Danemark221Copenhague
84%
Etats-Unis250Washington
84%
Suisse282Zürich
83%
Pays-Bas214Amsterdam
82%
Etats-Unis270San Francisco
80%
Etats-Unis199Miami
80%
Irlande208Dublin
79%
Etats-Unis206Chicago
79%
Australie204Melbourne
75%
Suède204Stockholm
75%
Finlande183Helsinki
70%
Emirats arabes unis202Dubaï
70%
Israël186Tel Aviv
68%
Suisse241Lausanne
67%
Nouvelle-Zélande193Wellington
67%
Qatar206Doha
66%
Islande215Reykjavik
63%
Ecosse187Glasgow
62%
Etats-Unis199Seattle
61%
Etats-Unis214Boston
61%
Chine241Hong Kong
57%
Australie183Canberra
55%
Australie199Perth
53%
Nouvelle-Zélande198Auckland
49%
Asie222Singapour
47%
Etats-Unis210Philadelphie
47%
Suisse243Bâle
42%
Etats-Unis193San Diego
39%
Etats-Unis187Denver
32%
Australie202Brisbane
30%
Emirats arabes unis187Abou Dabi
25%
Ecosse189Aberdeen
24%
Etats-Unis189Portland
20%
Etats-Unis219Honolulu
17%
Etats-Unis216San Jose
17%
Angleterre211Brighton
16%
Angleterre213Cambridge
13%
Etats-Unis183Pittsburgh
11%
Etats-Unis189Anchorage
8%
Etats-Unis214Oakland
7%
Iles Cayman282Grand Cayman
3%

Distribution des résultats

Percentile by Number Answered

% des personnes avec chaque résultat

Votre développement - résultats

Vous n’avez pas pris ce quiz